Pompeya y la Ciudad Lineal : (Record no. 17535)

MARC details
000 -LEADER
campo de control de longitud fija 01117nam a2200289 i 4500
001 - NÚMERO DE CONTROL
campo de control 17535
003 - IDENTIFICADOR DE NÚMERO DE CONTROL
campo de control ES-MaACL
005 - FECHA Y HORA DE LA ÚLTIMA TRANSACCIÓN
campo de control 20240426063018.0
007 - CAMPO FIJO DE DESCRIPCIÓN FÍSICA--INFORMACIÓN GENERAL
campo de control de longitud fija t|
008 - DATOS DE LONGITUD FIJA--INFORMACIÓN GENERAL
campo de control de longitud fija 010402s1913 sp |||| | spa d
040 ## - FUENTE DE CATALOGACIÓN
Centro/agencia transcriptor ES-MaACL
080 ## - NÚMERO DE LA CLASIFICACIÓN DECIMAL UNIVERSAL
Número de la Clasificación Decimal Universal 711.4(460.27 M-212)(073)
080 ## - NÚMERO DE LA CLASIFICACIÓN DECIMAL UNIVERSAL
Número de la Clasificación Decimal Universal 711.4(377 Pompeya)(073)
100 1# - ENTRADA PRINCIPAL--NOMBRE DE PERSONA
Nombre de persona González del Castillo, Hilarión,
9 (RLIN) 58582
Fechas asociadas al nombre 1869-1941
Término indicativo de función/relación Autor
245 10 - MENCIÓN DEL TÍTULO
Título Pompeya y la Ciudad Lineal :
Resto del título febrero-marzo 1913 : programa de las conferencias /
Mención de responsabilidad, etc. de D. Hilarión González del Castillo.
260 ## - PUBLICACIÓN, DISTRIBUCIÓN, ETC.
Lugar de publicación, distribución, etc. Madrid :
Nombre del editor, distribuidor, etc. [s.n.,
Fecha de publicación, distribución, etc. 1913]
Fabricante (Imp. de la Ciudad Lineal)
300 ## - DESCRIPCIÓN FÍSICA
Extensión 12 páginas ;
Dimensiones 16 cm.
500 ## - NOTA GENERAL
Nota general Precede al tít.: Ateneo de Madrid
500 ## - NOTA GENERAL
Nota general Programa de las conferencias dadas en el Ateneo de Madrid, en febrero-marzo de 1913
610 24 - PUNTO DE ACCESO ADICIONAL DE MATERIA--NOMBRE DE ENTIDAD CORPORATIVA
Nombre de entidad corporativa o nombre de jurisdicción como elemento de entrada Ateneo de Madrid-
Subdivisión de forma Conferencias-
-- Programas.
9 (RLIN) 1909
650 ## - PUNTO DE ACCESO ADICIONAL DE MATERIA--TÉRMINO DE MATERIA
Término de materia o nombre geográfico como elemento de entrada Urbanismo-
Subdivisión geográfica Ciudad Lineal (Madrid, Distrito)
9 (RLIN) 17698
651 #4 - PUNTO DE ACCESO ADICIONAL DE MATERIA--NOMBRE GEOGRÁFICO
Nombre geográfico Pompeya (Ciudad desaparecida)
9 (RLIN) 149648
852 ## - LOCALIZACIÓN
Ubicación ES-MaACL
Ubicación en estantería Depósito folletos
Número de control de estantería T-1335-F-1
942 ## - ELEMENTOS DE ENTRADA SECUNDARIOS (KOHA)
Tipo de ítem Koha Folleto
Suprimir en OPAC No
Holdings
Estatus retirado Estado de pérdida Fuente del sistema de clasificación o colocación Estado de daño No para préstamo Colección Biblioteca de origen Biblioteca actual Ubicación en estantería Fecha de adquisición Total de préstamos Signatura topográfica completa Código de barras Visto por última vez Tipo de ítem Koha
    Clasificación decimal universal     Colección de folletos Biblioteca del Ateneo de Madrid Biblioteca del Ateneo de Madrid Depósito folletos 17/01/2008   T-1335-F-1 1017889 23/02/2023 Folleto